The Scarlatti inheritance ; The Osterman weekend ; The Matlock paper ; The Gemini contenders / (Record no. 17169)
[ view plain ]
| 000 -LEADER | |
|---|---|
| fixed length control field | 00456cam a2200157Ia 4500 |
| 020 ## - INTERNATIONAL STANDARD BOOK NUMBER | |
| ISBN | 0905712323 |
| 020 ## - INTERNATIONAL STANDARD BOOK NUMBER | |
| ISBN | 9780905712321 |
| 040 ## - CATALOGING SOURCE | |
| Transcribing agency | CZA |
| 082 04 - DEWEY DECIMAL CLASSIFICATION NUMBER | |
| Classification number | 813 OCT 1981 A111 Or. |
| 100 1# - MAIN ENTRY--AUTHOR NAME | |
| Personal name | Ludlum, Robert, |
| 245 14 - TITLE STATEMENT | |
| Title | The Scarlatti inheritance ; The Osterman weekend ; The Matlock paper ; The Gemini contenders / |
| 260 ## - PUBLICATION, DISTRIBUTION, ETC. (IMPRINT) | |
| Place of publication | New York : |
| Name of publisher | Octopus/Heinemann, |
| Year of publication | 1981. |
| 300 ## - PHYSICAL DESCRIPTION | |
| Number of Pages | 827 p. ; |
| Dimensions | 24 cm. |
| 650 #0 - SUBJECT ADDED ENTRY--TOPICAL TERM | |
| Topical Term | World War, 1939-1945 |
| 942 ## - ADDED ENTRY ELEMENTS (KOHA) | |
| Koha item type | សៀវភៅភាសាអង់គ្លេស |
| 952 ## - LOCATION AND ITEM INFORMATION (KOHA) | |
| Withdrawn status [LOCAL, KOHA] | 0 |
| Permanent Location | Date acquired | Koha item type | Lost status | Shelving location | Barcode | Current Location | Full call number |
|---|---|---|---|---|---|---|---|
| Library Block A | 2018-08-15 | សៀវភៅភាសាអង់គ្លេស | A111 | A17765 | Library Block A | 813 OCT 1981 A111 Or. |